| 000 | 00873cab a2200265 4500 | ||
|---|---|---|---|
| 001 | ABS56424 | ||
| 008 | 090401t1997 xxu||||| |||| 00| 0 eng d | ||
| 035 | _a(Sirsi) u23498 | ||
| 041 | _aeng | ||
| 100 | _aRidout, G. | ||
| 245 | _aAll work and slow pay | ||
| 260 | _c1997 | ||
| 350 | _a0 | ||
| 490 |
_aBuilding Procurement _vJanuary 1997, 8-11(4) |
||
| 520 | _aDetails of the latest workload survey by the National Specialist Contractors Council that reports a cautious rise in confidence in improving workload, but problems with skills shortages and payment problems. Statistics. | ||
| 650 | _aNATIONAL SPECIALIST CONTRACTORS COUNCIL | ||
| 650 | _aPAYMENTS | ||
| 650 | _aSKILLS SHORTAGE | ||
| 650 | _aSPECIALIST CONTRACTORS | ||
| 650 | _aTENDER PRICES | ||
| 650 | _aWORKLOAD SURVEY | ||
| 690 | _aBUILT ENVIRONMENT | ||
| 942 | _n0 | ||
| 948 | _c04/03/1997 | ||
| 999 |
_c15704 _d15704 |
||